000 00392 a2200109 4500
001 ART_14899
005 20260410161614.0
008 260409a
245 1 0 _aCinco formas de equivocarse en un cambio de empleo
100 1 _aGroysberg, Boris
773 0 _tHarvard Business Review
_gReinvente : su empresa, su estrategia, su carrera - Vol. 88, NÂș 1 (ene./feb. 2010)
_wREV340
999 _c10950
_d10950